000 00324nam a2200133Ia 4500
008 221030s9999 xx 000 0 und d
041 _aEnglish
082 _a105.23
100 _aI. L. Finar
245 0 _aOrganic Chemistry : The Fundamental Principles Vol. I
_cby I. L. Finar
260 _c0
650 _aB
942 _cBK
999 _c11612
_d11612